| 000 | 00631nam a22001937a 4500 | ||
|---|---|---|---|
| 999 |
_c6858 _d6858 |
||
| 001 | 5027 | ||
| 003 | BD-DhUAP | ||
| 005 | 20210109130731.0 | ||
| 008 | 200318s2002 bg a|||| |||| 00| 0 ben d | ||
| 040 |
_aBD-DhUAP _bBen _cBD-DhUAP _dBD-DhUAP |
||
| 082 |
_223 _a535 JAH |
||
| 100 | _aজাহান, হুসনে। | ||
| 245 |
_aচোখের আলো / _cহুসনে জাহান। |
||
| 260 |
_aঢাকা : _bঅ্যাডর্ন, _cc২০০২। |
||
| 300 |
_a২৩ পৃষ্ঠা : _bচিত্রাবলী ; _c২৩ সেমি.। |
||
| 650 | _aOptics. | ||
| 650 | _alight. | ||
| 942 |
_2ddc _cBK |
||